| 000 -CABECERA |
| Longitud fija campo de control |
00510nam a2200169 a 4500 |
| 001 - NÚMERO DE CONTROL |
| Número de control |
2896 |
| 003 - IDENTIFICADOR DEL NÚMERO DE CONTROL |
| Identificador del número de control |
CDMR |
| 005 - FECHA Y HORA DE LA ÚLTIMA TRANSACCIÓN |
| Fecha y hora de la última transacción |
20130405093810.0 |
| 008 - CÓDIGOS DE INFORMACIÓN DE LONGITUD FIJA |
| Códigos de información de longitud fija |
130130s1993||||||||||||||||||||||||||||d |
| 040 ## - FUENTE DE LA CATALOGACIÓN |
| Centro catalogador de origen |
CDMR |
| Lengua de catalogación |
cat |
| Centro transcriptor |
CDMR |
| 100 1# - PUNTO DE ACCESO PRINCIPAL-NOMBRE DE PERSONA |
| Nombre de persona |
Mir, Gregori |
| 9 (RLIN) |
2130 |
| 245 10 - MENCIÓN DE TÍTULO |
| Título |
Miquel dels Sants Oliver |
| Resto del título |
: nacionalisme i síntesi liberal-conservadora (1898-1919) |
| Mención de responsabilidad, etc. |
Gregori Mir |
| 260 ## - PUBLICACIÓN, DISTRIBUCIÓN, ETC. (PIE DE IMPRENTA) |
| Lugar de publicación, distribución, etc. |
Palma de Mallorca |
| Fecha de publicación, distribución, etc. |
1993 |
| Nombre del editor, distribuidor, etc. |
Font |
| 300 ## - DESCRIPCIÓN FÍSICA |
| Extensión |
757 p ; |
| Dimensiones |
20 cm |
| 600 14 - PUNTO DE ACCESO ADICIONAL DE MATERIA - NOMBRE DE PERSONA |
| Nombre de persona |
Oliver, Miquel dels Sants |
| Subdivisión de forma (R ) |
Biografia |
| 9 (RLIN) |
189 |
| 942 ## - ENTRADA DE ELEMENTOS AGREGADOS (KOHA) |
| Koha [por defecto] tipo de item |
Monografies |
| Fuente de clasificaión o esquema |
|